000 00228nam a2200097Ia 4500
008 220204s9999 xx 000 0 und d
100 _aChase, James Hadley
245 0 _aNew lease of death
260 _aLondon
_bCorgi
942 _cBK
999 _c29530
_d29530